000 006080000a22001930004500
020 _a84-8267-211-8
041 0 _aSPA
082 0 4 _aG 261.7 R943p
100 1 _aRunner, H. Evan
245 1 0 _aPolítica y academia escriturales : Las conferencias Unioville 1959-1961 - H. Evan Runner; Adolfo y Luz María García, Traductores
260 _aTerrassa, Barcelona, España : CLIE
300 _a290 Pag
440 0 _aBiblioteca de Filosofía Cristiana; No. 2
001 6831
942 _cBK
999 _c37087
_d37087
336 _atexto
_btxt
_2rdacontent
337 _2rdamedia
_asin mediación
_bn
338 _2rdacarrier
_avolumen
_bnc